00642nam a2200193 a 450000500170000000800410001702000220005805000230008010000180010324501210012125000120024226000380025430000340029252100070032665000380033365000400037170000200041170000170043120140311163033.0101020s19uu xx 00 eng d a978-0-500-28863-4 aNC 845b.T366 2010 aDabner, David aGraphic design school :ba foundation course for graphic designers working in print, moving image and digital media. a4th ed. aLondon :bThames $ Hudson,c2010. a192 p. :bcol. ill. ;c25 cm. aMA aGraphic artsxStudy and teaching. aCommercial artxStudy and teaching. aCalvert, Sheena aCasey, Anoki